| 000 | 00510nam a2200181Ia 4500 | ||
|---|---|---|---|
| 008 | 240729s9999 xx 000 0 und d | ||
| 022 | _a0974-598X | ||
| 245 | 0 | _aLung India | |
| 260 | _aIndia | ||
| 260 | _bWolters Kluwer Medknow Publications | ||
| 650 | _a Diseases of the respiratory system | ||
| 650 | _a Internal medicine | ||
| 650 | _a Specialties of internal medicine | ||
| 650 | _aMedicine | ||
| 856 | _uhttps://doaj.org/toc/d9ebb5025d7a4b3ababb1da67d4c57de | ||
| 942 | _2ddc | ||
| 942 | _cDOAJEJ | ||
| 999 |
_c70240 _d70240 |
||
| 945 |
_a1 _bMadushi Gamage _c1 _dMadushi Gamage |
||